State Level on Impact of Education on Sustainable Enviromental Management/ (Record no. 210851)

MARC details
000 -LEADER
fixed length control field 00736nam a22002057a 4500
005 - DATE AND TIME OF LATEST TRANSACTION
control field 20250407122206.0
010 ## - LCCN (DPL NO)
LC control number ENG-144524
020 ## - INTERNATIONAL STANDARD BOOK NUMBER
International Standard Book Number 9789387865143
Terms of availability 600.00
035 ## - SYSTEM CONTROL NUMBER
System control number EN-128056
037 ## - SOURCE OF ACQUISITION
Source of stock number/acquisition DBAD
082 ## - DEWEY DECIMAL CLASSIFICATION NUMBER
Classification number 301.3
Edition number 1
245 ## - TITLE STATEMENT
Title State Level on Impact of Education on Sustainable Enviromental Management/
Statement of responsibility, etc Edited by T. Ravichandran [and] M. Anbuchezhian
260 ## - PUBLICATION, DISTRIBUTION, ETC. (IMPRINT)
Place of publication, distribution, etc Chennai
Name of publisher, distributor, etc Forschung Publications
Date of publication, distribution, etc 2019
270 ## - ADDRESS
Address Mogappair
City Chennai
Telephone number 9626166683
Electronic mail address forchungpublications@gmail.com
300 ## - PHYSICAL DESCRIPTION
Extent 141p.
Dimensions 24cm(pbk)
500 ## - GENERAL NOTE
General note Includes bibliographical references
700 ## - ADDED ENTRY--PERSONAL NAME
Personal name Ravichandran, T.
Relator term Editor
9 (RLIN) 80376
700 ## - ADDED ENTRY--PERSONAL NAME
Personal name Anbuchezhian, M.
Relator term Editor
9 (RLIN) 80377
942 ## - ADDED ENTRY ELEMENTS (KOHA)
Source of classification or shelving scheme Dewey Decimal Classification
Item type English Books
Classification part 301.3
Call number suffix STA
Holdings
Withdrawn status Lost status Not for loan Collection code Home library Current library Date acquired Source of acquisition Cost, normal purchase price Full call number Barcode Copy number Cost, replacement price Koha item type
      Non-fiction Janak Puri Janak Puri 07/04/2025 Delivery of Books Act Division 600.00 301.3 STA EN-128056 1 600.00 English Books

© Delhi Public Library
Hit Counter
free hit counter